Normal view
MARC view
- Eden,Dorothy
Entry Personal Name
001 - CONTROL NUMBER
- control field: 112578
003 - CONTROL NUMBER IDENTIFIER
- control field: NUST
005 - DATE AND TIME OF LATEST TRANSACTION
- control field: 20230525112417.0
008 - FIXED-LENGTH DATA ELEMENTS
- fixed length control field: 230525|| aca||aabn | a|a d
040 ## - CATALOGING SOURCE
- Original cataloging agency: NUST
- Transcribing agency: NUST
100 ## - HEADING--PERSONAL NAME
- Personal name: Eden,Dorothy
670 ## - SOURCE DATA FOUND
- Source citation: Work cat.: (NUST)186690: Eden,Dorothy, The Vines of Yarrabee
